000 00457nam a2200169Ia 4500
008 260407s2024 xx 000 0 und d
041 _aeng
082 _a547/CHO
_b12169
100 _aDR. V.V. CHOPADE
245 _aPHARMACEUTICAL ORGANIC CHEMISTRY -II
250 _a1ST
260 _aPUNE
_bTECHNICAL PUB
_c2024
300 _a5.18p
650 _aPHARMACEUTICAL CHEMISTRY
650 _aPHARMACEUTICAL ORGANIC CHEMISTRY -II
700 _aS.G.JAWAARKAR
999 _c1219661
_d1219661